000 00263nam a22001097a 4500
008 170112b xxu||||| |||| 00| 0 eng d
020 _a0397544995
041 _aeng
080 _24TH
_a618.2
245 _aMANUAL OF NURSING PRACTICE
_cLIPPINCOT, J.B
942 _2udc
_cBK
999 _c2781
_d2781